00678 a2200205 4500999001900000001000600019003000500025005001700030008004100047020001500088082002200103100002300125245009100148250000800239260003900247300001100286500003100297942004000328952010400368 c320938d32093885865NUST20180121120741.0180121b xxu||||| |||| 00| 0 eng d a8170361915 a331.768730954 SIN aManjit Singh99348 aThe political economy of unorganised industry : a study of the labour processhEnglish a1st aNew DelhibSage Publicationsc1990 a234 p. aGifted By AM Masood Akhtar acaenustcBKk331.768730954 SIN2ddc 001040708NFICaCAEbCAEd2017-04-03l0o331.768730954 SINpCAEG-9804r2017-04-05w2017-04-05yBK